Detalles MARC
| 000 -LIDER |
| fixed length control field |
01017nam a22002657a 4500 |
| 003 - IDENTIFICACDOR DE NÚMERO DE CONTROL |
| control field |
DO-SdBNP |
| 005 - DATE AND TIME OF LATEST TRANSACTION |
| control field |
20211005105838.0 |
| 007 - CAMPOS FIJOS DE DESCRIPCIÓN FÍSICA |
| fixed length control field |
ta |
| 008 - ELEMENTOS DE LONGITUD FIJA |
| fixed length control field |
210916e2019 dr a||| 001 0 spa d |
| 040 ## - FUENTE DE CATALOGACIÓN |
| Agencia que crea de manera original el registro |
DO-SdBNP |
| Idioma de catalogación |
spa |
| Agencia que realiza la transcripción |
BPMSU |
| 082 ## - NÚMERO DE CLASIFICACIÓN DECIMAL DE DEWEY |
| Classification number |
618.92 |
| Item number |
G943c 2019 |
| Edition number |
22 |
| 245 #0 - MENCIÓN DE TITULO |
| Título |
Guía clínica de las enfermedades pediátricas prevalentes en República Dominicana / |
| Mención de responsabilidad |
compilador Alfre Cruz Hernández ; editor Piero Espinal Estévez ; prólogo Joy Vivoni, |
| 260 ## - PUBLICACIÓN, DISTRIBUCIÓN, ETC. (PIE DE IMPRENTA) |
| Lugar de publicación, distribución, etc |
San José de las Matas, República Dominicana : |
| Nombre del editor, distribuidor, etc. |
OPUS, |
| Fecha de publicación, distribución, etc |
2019 |
| 300 ## - DESCRIPCIÓN FÍSICA |
| Extensión |
493 p.: |
| Otros detalles físicos |
il, graf.; |
| Dimensiones |
25 cm |
| 500 ## - NOTA GENERAL |
| Nota general |
Incluye datos biográficos del compilador en las solapas |
| 590 ## - NOTA LOCAL |
| Texto de la nota local |
Inventariado 2021/VM |
| 650 #4 - ENCABEZAMIENTO DE MATERIA--TEMÁTICO |
| Término temático o nombre geográfico como elemento de entrada |
Enfermedades infantiles |
| Subdivisión temática general |
Tratamiento |
| Subdivisión de forma |
Guías |
| Fuente del encabezamiento o término |
|
| 650 #4 - ENCABEZAMIENTO DE MATERIA--TEMÁTICO |
| Término temático o nombre geográfico como elemento de entrada |
Pediatría |
| Subdivisión geográfica |
República Dominicana |
| 650 #4 - ENCABEZAMIENTO DE MATERIA--TEMÁTICO |
| Término temático o nombre geográfico como elemento de entrada |
Urgencias pediátricas. |
| 700 1# - ASIENTO SECUNDARIO -- NOMBRE PERSONAL |
| Nombre personal |
Cruz Hernández, Alfre , |
| Fechas asociadas con el nombre |
1960- |
| Mención de responsabilidad |
comp. |
| 700 1# - ASIENTO SECUNDARIO -- NOMBRE PERSONAL |
| Nombre personal |
Vivoni, Joy, |
| Mención de responsabilidad |
pról. |
| 700 1# - ASIENTO SECUNDARIO -- NOMBRE PERSONAL |
| Nombre personal |
Espinal Estévez, Piero, |
| Mención de responsabilidad |
ed. |
| 910 ## - VALIDACIÓN |
| Validación |
VMateo V. |
| 942 ## - ADDED ENTRY ELEMENTS (KOHA) |
| Source of classification or shelving scheme |
Dewey Decimal Classification |
| Koha item type |
Libros |